000 00418 a2200121 4500
001 ART_49600
005 20260410162019.0
008 260409a
245 1 0 _aImplicancias bioéticas del trasplante de órganos en la "ley Justina"
100 1 _aMerlo, Leandro M.
700 1 _aFasano, Lucía
773 0 _tTemas de derecho de familia, sucesiones y bioética
_g- Año 4, N° 9 (ago. 2019)
_wREV41029
999 _c32923
_d32923